Improvement of the commercial production of marine aquaculture species

Salvato in:
Dettagli Bibliografici
Natura: Libro
Lingua:Undetermined
Pubblicazione: Chile Puerto Montt 1994
Soggetti:
Tags: Aggiungi Tag
Nessun Tag, puoi essere il primo ad aggiungerne! !
Thư viện lưu trữ: Trung tâm Học liệu Trường Đại học Cần Thơ
LEADER 00475nam a2200157Ia 4500
001 CTU_150561
008 210402s9999 xx 000 0 und d
082 |a 639.3 
082 |b I.34 
245 0 |a Improvement of the commercial production of marine aquaculture species 
260 |a Chile 
260 |b Puerto Montt 
260 |c 1994 
650 |a Aquaculture,Nuôi trồng thủy sản 
904 |i Trọng Hải 
980 |a Trung tâm Học liệu Trường Đại học Cần Thơ